[Event "Roquebrune rapid"]
[Site "Roquebrune"]
[Date "1992.??.??"]
[Round "20"]
[White "Speelman, Jonathan S"]
[Black "Karpov, Anatoly"]
[Result "0-1"]
[WhiteElo "2630"]
[BlackElo "2725"]

1.d4 Nf6 2.c4 e6 3.Nc3 Bb4 4.e3 O-O 5.Nf3 c5 6.Bd3 d5 7.O-O cxd4 8.exd4 dxc4
9.Bxc4 b6 10.Bg5 Bxc3 11.bxc3 Nbd7 12.Bd3 Qc7 13.Rc1 Bb7 14.Re1 Rfe8 15.Bh4 Bc6
16.Ne5 Qb7 17.Nxc6 Qxc6 18.Qe2 Qd5 19.Bb5 Red8 20.h3 Nf8 21.Bd3 Rac8 22.Ba6 Rc7
23.Bg3 Re7 24.Bb5 Ng6 25.c4 Qg5 26.c5 bxc5 27.Rxc5 Nd5 28.Bc6 Qf6 29.Be5 Qh4
30.Rec1 f6 31.Bg3 Qxd4 32.Bxd5 Rxd5 33.Rc8+ Kf7 34.Qa6 h5 35.Ra8 h4 36.Qc8 Nf4
37.Bxf4 Qxf4 38.Rf1 Kg6 39.Qa6 Qe4 40.Kh1 Rg5 41.Rg1 Qxa8  0-1

[Event "Roquebrune rapid"]
[Site "Roquebrune"]
[Date "1992.??.??"]
[Round "22"]
[White "Speelman, Jonathan S"]
[Black "Kortschnoj, Viktor"]
[Result "0-1"]
[WhiteElo "2630"]
[BlackElo "2585"]

1.d4 Nf6 2.c4 e6 3.Nc3 Bb4 4.e3 b6 5.Ne2 Ne4 6.Bd2 Nxd2 7.Qxd2 d5 8.a3 Be7
9.cxd5 exd5 10.Nf4 c6 11.Bd3 O-O 12.Nce2 Bd6 13.h4 Re8 14.Qc2 h6 15.h5 Bxf4
16.Nxf4 Qd6 17.O-O Nd7 18.Rfc1 Bb7 19.b4 Nf6 20.Qb3 Bc8 21.Rc3 Bd7 22.Rac1 b5
23.Qc2 Re7 24.Rxc6 Bxc6 25.Qxc6 Qxc6 26.Rxc6 a6 27.Bf5 Kf8 28.g4 Raa7 29.Rc8+ Re8
30.Rc5 Rb8 31.Kg2 a5 32.Nxd5 Nxd5 33.Rxd5 axb4 34.axb4 Ra4 35.Rd7 Ke8 36.Rc7 Rxb4
37.Be4 Rc4 38.Ra7 b4 39.Bd5 Rc3 40.Bxf7+ Kd8 41.Bg6 Rc7 42.Ra5 b3 43.Rf5 Rc6
44.Rf8+ Kc7 45.Rf7+ Kb6 46.Rxg7 Rxg6 47.Rxg6+ Ka5 48.Rxh6 b2 49.Re6 b1=Q
50.h6 Kb4 51.g5 Qf5 52.Re5 Qg4+ 53.Kh2 Rf8  0-1

[Event "Antwerp"]
[Site "Antwerp"]
[Date "1993.??.??"]
[Round "1"]
[White "Dutreeuw, Marc"]
[Black "Speelman, Jonathan S"]
[Result "0-1"]
[WhiteElo "2455"]
[BlackElo "2605"]

1.e4 g6 2.d4 Bg7 3.Nf3 d6 4.c3 Nf6 5.Bd3 O-O 6.O-O Nc6 7.Re1 e5 8.Nbd2 Nh5
9.Nb3 h6 10.h3 Qf6 11.Bf1 Nf4 12.Kh2 g5 13.g3 Ng6 14.Be3 Nge7 15.Nfd2 Qg6
16.Bc4 Kh8 17.g4 exd4 18.Nxd4 Nxd4 19.Bxd4 Bxd4 20.cxd4 Qf6 21.Nf3 Ng6 22.Rc1 c6
23.e5 dxe5 24.dxe5 Qf4+ 25.Kg2 Be6 26.Qc2 Bxg4 27.Ng1 Nh4+ 28.Kf1 Bf5 29.Qc3 Be6
30.Bb3 Rad8 31.Rcd1 Rxd1 32.Bxd1 Rd8 33.Bh5 Rd2 34.Ne2 Qh2  0-1

[Event "Antwerp"]
[Site "Antwerp"]
[Date "1993.??.??"]
[Round "2"]
[White "Speelman, Jonathan S"]
[Black "Christiansen, Larry Mark"]
[Result "1/2-1/2"]
[WhiteElo "2605"]
[BlackElo "2555"]

1.d4 Nf6 2.Nf3 e6 3.g3 b5 4.Bg2 Bb7 5.O-O h6 6.a4 b4 7.c4 d6 8.a5 Na6 9.Nbd2 Be7
10.Re1 O-O 11.e4 Nd7 12.Qc2 Rb8 13.Nb3 c5 14.d5 Qc7 15.Bh3 exd5 16.exd5 Bf6
17.Bf4 Rbe8 18.Nbd2 Bc8 19.Rxe8 Rxe8 20.Ne4 b3 21.Qb1 Be7 22.Qd1 Bf8 23.Nc3 Nb4
24.Nb5 Qb8 25.Qxb3 a6 26.Na3 g5 27.Bd2 Bg7 28.Re1 Ne5 29.Bxc8 Nxf3+ 30.Qxf3 Rxe1+
31.Bxe1 Qxc8 32.Bc3 Qd8 33.Qe3 Na2 34.Bxg7 Kxg7 35.Nc2 Qf6 36.Qa3 Nc1 37.b4 Ne2+
38.Kf1 Nc3 39.Ne3 Ne4 40.Ng4 Qd4 41.bxc5 Nd2+ 42.Ke2 Nxc4 43.Qd3 Qxg4+ 44.f3 Qh3
45.Qxc4 dxc5  1/2-1/2

[Event "Antwerp"]
[Site "Antwerp"]
[Date "1993.??.??"]
[Round "3"]
[White "Gurevich, Mikhail"]
[Black "Speelman, Jonathan S"]
[Result "1-0"]
[WhiteElo "2605"]
[BlackElo "2605"]

1.d4 d6 2.c4 e5 3.Nf3 exd4 4.Nxd4 g6 5.Nc3 Bg7 6.e4 Nc6 7.Be3 Nge7 8.h4 f5
9.h5 fxe4 10.hxg6 hxg6 11.Rxh8+ Bxh8 12.Nxe4 Bf5 13.Nxf5 gxf5 14.Qh5+ Kd7
15.O-O-O Qg8 16.Nc5+ Kc8 17.Ne6 Kd7 18.Nf4 Ne5 19.Nd5 Qg4 20.Qh7 Qg7 21.Qxg7 Bxg7
22.Nxe7 Kxe7 23.c5 Ng4 24.cxd6+ cxd6 25.Bg5+ Bf6 26.Bxf6+ Kxf6 27.Rxd6+ Ke5
28.Rd2 Rh8 29.Kc2 f4 30.Be2 Nxf2 31.Bf3 Rc8+ 32.Kb3 Nh1 33.Rd5+ Kf6 34.Ra5 Ng3
35.Rxa7 Nf1 36.Rxb7 Nd2+ 37.Kb4 Rc4+ 38.Kb5 Rc2 39.Ka6 Nc4 40.Rc7  1-0

[Event "Antwerp"]
[Site "Antwerp"]
[Date "1993.??.??"]
[Round "5"]
[White "Kortschnoj, Viktor"]
[Black "Speelman, Jonathan S"]
[Result "1/2-1/2"]
[WhiteElo "2625"]
[BlackElo "2605"]

1.d4 d6 2.e4 Nf6 3.f3 e5 4.dxe5 dxe5 5.Qxd8+ Kxd8 6.Bc4 Ke8 7.Bg5 Nbd7 8.Nd2 Be7
9.Ne2 Nb6 10.Bb3 Nfd7 11.Be3 Bc5 12.Nf1 a5 13.a3 c6 14.O-O-O Bxe3+ 15.Nxe3 Nc5
16.Ba2 g6 17.h4 Ke7 18.h5 Be6 19.Bxe6 Nxe6 20.g3 Rhd8 21.f4 Nc5 22.Nc3 Nba4
23.Rxd8 Rxd8 24.Nxa4 Nxa4 25.hxg6 hxg6 26.f5 Nc5 27.fxg6 fxg6 28.Nc4 a4 29.Nxe5 Kf6
30.Ng4+ Kg5 31.Nf2 Rf8 32.Rh2 Rf3 33.Rg2 Rf8 34.Rh2 Rf3 35.Rg2  1/2-1/2

[Event "Biel Interzonal"]
[Site "Biel"]
[Date "1993.??.??"]
[Round "7"]
[White "Sokolov, Ivan"]
[Black "Speelman, Jonathan S"]
[Result "1/2-1/2"]
[WhiteElo "2610"]
[BlackElo "2605"]

1.d4 e6 2.c4 Bb4+ 3.Bd2 Bxd2+ 4.Qxd2 b6 5.Nc3 Bb7 6.e4 Nh6 7.Nf3 O-O 8.Bd3 d6
9.O-O Nd7 10.Bc2 Qe7 11.Rfe1 Rfd8 12.Rad1 Nf8 13.Ne2 a6 14.b3 f6 15.Nf4 c5
16.d5 e5 17.Nd3 Ng6 18.b4 Bc8 19.bxc5 bxc5 20.Rb1 Bg4 21.Bd1 Qc7 22.Qc3 Bd7
23.Nd2 a5 24.Bh5 Rab8 25.Bxg6 hxg6 26.Rxb8 Rxb8 27.f3 g5 28.h3 Nf7 29.Rb1 a4
30.Rxb8+ Qxb8 31.g4 Nh8 32.Qb2 Qa7 33.Kf2 Ng6 34.Ke2 Kf7 35.Nf1 Qa6 36.Qc2 Qa8
37.Ng3 Qh8 38.Nh5 Ne7 39.Nf2 Qb8 40.Nd3 Nc8 41.Ng3 Nb6  1/2-1/2

[Event "Biel Interzonal"]
[Site "Biel"]
[Date "1993.??.??"]
[Round "8"]
[White "Speelman, Jonathan S"]
[Black "Ivanchuk, Vassily"]
[Result "1/2-1/2"]
[WhiteElo "2605"]
[BlackElo "2705"]

1.d4 d5 2.Nf3 c6 3.Bf4 Bf5 4.e3 e6 5.a3 Bd6 6.Bxd6 Qxd6 7.Nh4 Nd7 8.c4 Bxb1
9.Rxb1 Ngf6 10.Be2 dxc4 11.Bxc4 c5 12.Nf3 Rc8 13.Qe2 cxd4 14.Nxd4 Qc5 15.Ba2 Qc1+
16.Rxc1 Rxc1+ 17.Qd1 Rxd1+ 18.Kxd1 Ke7  1/2-1/2

[Event "Biel Interzonal"]
[Site "Biel"]
[Date "1993.??.??"]
[Round "10"]
[White "Speelman, Jonathan S"]
[Black "Illescas Cordoba, Miguel"]
[Result "1-0"]
[WhiteElo "2605"]
[BlackElo "2625"]

1.d4 d5 2.c4 c6 3.Nc3 Nf6 4.e3 e6 5.Qc2 Nbd7 6.Bd2 Bd6 7.a3 O-O 8.f4 c5 9.Nf3 cxd4
10.exd4 dxc4 11.Bxc4 Nb6 12.Bb3 Bd7 13.Ne5 Bc6 14.Qd3 Nbd5 15.Bc2 Nxc3 16.Nxc6 bxc6
17.bxc3 c5 18.O-O cxd4 19.cxd4 g6 20.Bb3 Rb8 21.Kh1 Be7 22.Bc4 Nd5 23.f5 exf5
24.Bh6 Qd7 25.Bxf8 Bxf8 26.Rab1 Rd8 27.Bxd5 Qxd5 28.Rfd1 Re8 29.a4 Bd6 30.Re1 Rd8
31.Rbc1 Bb4 32.Red1 a5 33.Qc4 Kg7 34.Qxd5 Rxd5 35.g3 Rd6 36.Kg2 Kf6 37.Kf3 Ke6
38.Rc7 h5 39.d5+ Rxd5 40.Rxd5 Kxd5 41.Rxf7 Kc4 42.Ke2 Kb3 43.Kd3 Kxa4 44.Kc2 Kb5
45.Rf6 Kc4 46.Rxg6 Kd4 47.Rg5 Ke4 48.Rxh5 f4 49.gxf4 Kxf4 50.Rh4+ Kg5 51.Rd4 Kh5
52.Kd3 Be7 53.Ke2 a4 54.Rxa4 Bd6 55.Ra8 Kg4 56.Rh8 Be5 57.Rh7 Bf6 58.Kf2 Bh4+
59.Kg2 Bg5 60.h3+ Kf5 61.Kg3  1-0

[Event "Dublin zt"]
[Site "Dublin"]
[Date "1993.??.??"]
[Round "3"]
[White "Barry, Colm"]
[Black "Speelman, Jonathan S"]
[Result "0-1"]
[WhiteElo "2275"]
[BlackElo "2595"]

1.e4 g6 2.d4 Bg7 3.Nc3 d6 4.Nge2 Nc6 5.Be3 e5 6.h3 Nge7 7.dxe5 Nxe5 8.Nd4 O-O
9.Be2 d5 10.exd5 Nxd5 11.Nxd5 Qxd5 12.O-O Nc4 13.Bxc4 Qxc4 14.c3 c5 15.Qe2 Be6
16.b3 Qxe2 17.Nxe2 b6 18.Rad1 Rfd8 19.c4 Bf5 20.Nf4 Be4 21.Nd5 Bxd5 22.cxd5 Rd7
23.Bf4 Bd4 24.d6 f6 25.h4 Re8 26.Rfe1 Rxe1+ 27.Rxe1 Kf7 28.g4 Be5 29.Bxe5 fxe5
30.Rxe5 Rxd6 31.Re4 Rd2 32.a4 Rd3 33.b4 Rd4 34.Rxd4 cxd4 35.f4 h5 36.gxh5 gxh5
37.Kf2 Ke6 38.Ke2 Kf5 39.Kf3 a6 40.b5 a5  0-1

[Event "Dublin zt"]
[Site "Dublin"]
[Date "1993.??.??"]
[Round "4"]
[White "Speelman, Jonathan S"]
[Black "Kumaran, Dharshan"]
[Result "1-0"]
[WhiteElo "2595"]
[BlackElo "2385"]

1.e4 c6 2.d4 d5 3.exd5 cxd5 4.c4 Nf6 5.Nc3 e6 6.Nf3 Bb4 7.Bd3 dxc4 8.Bxc4 O-O
9.O-O b6 10.Bg5 Bb7 11.Re1 Bxc3 12.bxc3 Nbd7 13.Bd3 Qc7 14.Rc1 Rfe8 15.Bh4 Rac8
16.Bg3 Qc6 17.c4 Rcd8 18.Bf1 Qc8 19.Bh4 Qa8 20.Ne5 Nxe5 21.Rxe5 Be4 22.Bxf6 gxf6
23.Qg4+ Bg6 24.Ree1 e5 25.dxe5 fxe5 26.h4 Qc8 27.Qg3 Qf5 28.c5 bxc5 29.Rxc5 Qf4
30.Rcxe5 Rxe5 31.Rxe5 Qxg3 32.fxg3 Bd3 33.Ra5 Bxf1 34.Kxf1 Rd7 35.Ke2 Kg7
36.g4 Rb7 37.g5 f6 38.gxf6+ Kxf6 39.Kf3 Rc7 40.Kg4 Kg7 41.Kh5 h6 42.g4 Rb7
43.a4 Rc7 44.Ra6 Rc5+ 45.g5 hxg5 46.Rxa7+  1-0

[Event "Dublin zt"]
[Site "Dublin"]
[Date "1993.??.??"]
[Round "7"]
[White "Miles, Anthony J"]
[Black "Speelman, Jonathan S"]
[Result "0-1"]
[WhiteElo "2565"]
[BlackElo "2595"]

1.d4 d5 2.c4 e6 3.Nf3 c6 4.Nc3 Nf6 5.Bg5 h6 6.Bxf6 Qxf6 7.Qb3 a5 8.e4 a4
9.Nxa4 dxe4 10.Nb6 Ra5 11.Ne5 Qd8 12.O-O-O Bd6 13.Kb1 Bc7 14.c5 Bxb6 15.cxb6 O-O
16.Bc4 Nd7 17.Nxd7 Bxd7 18.Rhe1 Rf5 19.Rxe4 Rxf2 20.Rg4 Qf6 21.Qg3 e5 22.Rxg7+ Qxg7
23.Qxf2 Bg4 24.Rd3 Bh5 25.Ka1 Bg6 26.Rd1 Rd8 27.d5 cxd5 28.Bxd5 Kh7 29.h4 Kh8
30.Qf3 Rd6 31.Bxb7 Rxb6 32.Be4 Rb4 33.Bxg6 Qxg6 34.h5 Qe6 35.a3 Rf4 36.Qe3 Kg7
37.Re1 Rf5 38.Qe2 Rg5 39.Qf3 Rf5 40.Qg4+ Kf6 41.Rd1 Qa6 42.Qh4+ Kg7 43.Qg3+ Kf6
44.Qh4+ Kg7 45.Re1 Qa5 46.Qe4 Rxh5 47.Rf1 Qa6 48.Qf3 Qg6 49.a4 Rh4 50.Qb3 Rd4
51.a5 h5 52.g3 Rd7 53.Qe3 Rd5 54.b4 Qc6 55.Qb3 f6 56.Ka2 Rd2+ 57.Ka1 e4 58.Kb1 e3
59.Re1 e2 60.b5 Qc5  0-1

[Event "Dublin zt"]
[Site "Dublin"]
[Date "1993.??.??"]
[Round "9"]
[White "Levitt, Jonathan"]
[Black "Speelman, Jonathan S"]
[Result "1/2-1/2"]
[WhiteElo "2460"]
[BlackElo "2595"]

1.d4 d6 2.c4 e5 3.Nc3 exd4 4.Qxd4 Nf6 5.g3 Be6 6.Nd5 Nc6 7.Qd2 g6 8.b3 Bg7
9.Bb2 O-O 10.Bg2 Re8 11.e3 Ne5 12.Ne2 c6 13.Ndc3 Bh3 14.O-O Nfg4 15.Nf4 Bxg2
16.Kxg2 Nxh2 17.Rfd1 Nhf3 18.Qxd6 Qxd6 19.Rxd6 Bf8 20.Rdd1 Ng5 21.Nfe2  1/2-1/2

[Event "Dublin zt"]
[Site "Dublin"]
[Date "1993.??.??"]
[Round "10"]
[White "Speelman, Jonathan S"]
[Black "Crouch, Colin S"]
[Result "1-0"]
[WhiteElo "2595"]
[BlackElo "2415"]

1.e4 e6 2.d4 d5 3.Nc3 Nf6 4.e5 Nfd7 5.f4 c5 6.Nf3 a6 7.Be3 Nc6 8.Qd2 b5 9.dxc5 Bxc5
10.Bxc5 Nxc5 11.Qf2 Qb6 12.Bd3 Rb8 13.O-O Na4 14.Nxa4 bxa4 15.b3 Ke7 16.Rab1 Qxf2+
17.Kxf2 a3 18.c3 a5 19.Rfc1 Bd7 20.Ke3 f6 21.g3 fxe5 22.Nxe5 Nxe5 23.fxe5 a4
24.bxa4 Bxa4 25.Rxb8 Rxb8 26.Rb1 Rxb1 27.Bxb1 h6 28.Kd4 Kd7 29.Kc5 Bd1 30.Kb4 Kc6
31.Bd3 Bf3 32.Bb5+ Kb6 33.c4 dxc4 34.Bxc4 Bg4 35.Kxa3 Kc5 36.Kb3 Kd4 37.Kb4 Kxe5
38.Kc5 Bd1 39.Bb3 Bf3 40.a4 h5 41.a5 Bb7 42.Bc4  1-0

[Event "Dublin zt"]
[Site "Dublin"]
[Date "1993.??.??"]
[Round "11"]
[White "Arkell, Keith C"]
[Black "Speelman, Jonathan S"]
[Result "1/2-1/2"]
[WhiteElo "2450"]
[BlackElo "2595"]

1.d4 Nf6 2.Nf3 d5 3.c4 dxc4 4.Qa4+ Nbd7 5.Nc3 a6 6.e4 b5 7.Nxb5 Bb7 8.Nc3 Nxe4
9.Bxc4 e6 10.Ne5 Bd6 11.Nxe4 Bxe4 12.O-O c6 13.Re1 Nb6 14.Qa5 Nxc4 15.Qxd8+ Rxd8  1/2-1/2

[Event "London"]
[Site "London"]
[Date "1993.??.??"]
[Round "?"]
[White "Ekstroem, Roland"]
[Black "Speelman, Jonathan S"]
[Result "0-1"]
[WhiteElo "2420"]
[BlackElo "2605"]

1.e4 c6 2.d4 d5 3.e5 Bf5 4.h4 h5 5.c4 e6 6.Nc3 dxc4 7.Bxc4 Nd7 8.Nge2 Nb6
9.Bd3 Bxd3 10.Qxd3 Qd7 11.Bg5 f6 12.Bf4 Ne7 13.O-O Ned5 14.Ne4 Qf7 15.exf6 gxf6
16.Nd6+ Bxd6 17.Bxd6 Rg8 18.Rfe1 Qg6 19.Qh3 Kd7 20.Bc5 Rae8 21.Bxb6 axb6
22.a4 Re7 23.Qf3 Reg7 24.g3 Qf5 25.Kg2 Rg4 26.Qxf5 exf5 27.Kf3 Re8 28.Red1 f4
29.gxf4 f5 30.a5 bxa5 31.Rxa5 Rxh4 32.Rg1 Rg4 33.Rga1 h4 34.Ra7 Kc7 35.Ra8 Rgg8
36.Rxe8 Rxe8 37.Rg1 Nb4 38.Rg7+ Kb6 39.Nc3 Nd3 40.Kg2 Nxf4+ 41.Kh2 Ne2 42.Kh3 Nxc3
43.bxc3 Re2 44.Rg1 Rxf2 45.Kxh4 Rf3 46.Rb1+ Kc7 47.Rb3 b5 48.d5 c5 49.Rxb5 Rxc3
50.Kg5 Kd6 51.Kxf5 Kxd5 52.Kf4 Rh3 53.Rb8 Kd4 54.Rd8+ Kc3 55.Ke4 c4 56.Rc8 Rd3
57.Re8 Rd7 58.Rc8 Kb3 59.Ke3 c3 60.Ke2 c2 61.Rb8+ Ka2 62.Ra8+ Kb1 63.Rb8+ Kc1
64.Re8 Rb7 65.Kd3 Kb1  0-1

[Event "London Lloyds"]
[Site "London"]
[Date "1993.??.??"]
[Round "1"]
[White "Thomson, Craig S M"]
[Black "Speelman, Jonathan S"]
[Result "0-1"]
[WhiteElo "2335"]
[BlackElo "2605"]

1.e4 d6 2.d4 Nf6 3.f3 e5 4.dxe5 dxe5 5.Qxd8+ Kxd8 6.Bc4 Ke8 7.Be3 Nbd7 8.Nc3 c6
9.Nge2 Bc5 10.Kf2 b5 11.Bd3 a5 12.a4 Bxe3+ 13.Kxe3 b4 14.Nb1 Nc5 15.Nd2 Ke7
16.Nc1 Be6 17.Bc4 Nfd7 18.Ncb3 Rhd8 19.Bxe6 Kxe6 20.Rhd1 Nxb3 21.cxb3 Nb6
22.Rac1 Rd6 23.Nc4 Nxc4+ 24.bxc4 Rad8 25.Rxd6+ Rxd6 26.b3 h5 27.Ke2 h4 28.c5 Rd4
29.Rd1 Rxd1 30.Kxd1 Kf6 31.Ke2 Kg5 32.Ke3 f6 33.g3 hxg3 34.hxg3 g6 35.Ke2 f5
36.Ke3 Kf6 37.Kd3 f4 38.gxf4 exf4 39.Kd4 g5 40.Kc4 g4 41.fxg4 Kg5 42.e5 f3
43.Kd3 Kxg4 44.e6 Kg3 45.e7 f2 46.e8=Q f1=Q+ 47.Kc2 Qf5+ 48.Kb2 Qf2+ 49.Kb1 Qg1+
50.Ka2 Qf2+ 51.Kb1 Qxc5 52.Qg6+ Kf2 53.Qf6+ Ke2 54.Qe6+ Kd2 55.Qh6+ Qe3 56.Qh2+ Qe2
57.Qf4+ Kc3  0-1

[Event "London Lloyds"]
[Site "London"]
[Date "1993.??.??"]
[Round "3"]
[White "Ward, Christopher"]
[Black "Speelman, Jonathan S"]
[Result "1/2-1/2"]
[WhiteElo "2460"]
[BlackElo "2605"]

1.d4 d6 2.e4 Nf6 3.f3 e5 4.dxe5 dxe5 5.Qxd8+ Kxd8 6.Bc4 Ke8 7.a4 a5 8.Ne2 Nbd7
9.Nec3 c6 10.Be3 Bc5 11.Ke2 Bxe3 12.Kxe3 Nb6 13.Nd2 Ke7 14.Nd1 Rd8 15.b3 Nfd7
16.Nf2 f6 17.Nd3 Nf8 18.Rhd1 Be6 19.Nb2 g6 20.g3 f5 21.Bxe6 Nxe6 22.Ndc4 Nxc4+
23.Nxc4 Kf6 24.Nb6 Nd4 25.Nxa8 Nxc2+ 26.Kf2 Rxa8 27.Rab1 fxe4 28.Rd7 Ke6
29.Rxb7 Rf8 30.f4 g5 31.Rc1 Nd4 32.Ke3 Nf5+ 33.Ke2 gxf4 34.gxf4 Nd4+ 35.Ke3 Rxf4
36.Rxh7 Nxb3 37.Rxc6+ Kd5 38.Rcc7 Rf3+ 39.Ke2 Nd4+  1/2-1/2

[Event "London Lloyds"]
[Site "London"]
[Date "1993.??.??"]
[Round "4"]
[White "Speelman, Jonathan S"]
[Black "Timoshchenko, Gennadi A"]
[Result "1-0"]
[WhiteElo "2605"]
[BlackElo "2540"]

1.d4 Nf6 2.Nf3 g6 3.Bg5 Bg7 4.Nbd2 d5 5.c3 O-O 6.e3 Nbd7 7.h3 c5 8.Be2 b6
9.O-O Bb7 10.b4 Ne4 11.Nxe4 dxe4 12.Nd2 h6 13.Bh4 cxb4 14.cxb4 g5 15.Bg3 e5
16.dxe5 Nxe5 17.Nc4 Qxd1 18.Raxd1 Ba6 19.Bxe5 Bxe5 20.a4 Bxc4 21.Bxc4 Rad8
22.Bd5 Bc3 23.b5 Rfe8 24.Bc6 Rxd1 25.Rxd1 Re7 26.Rc1 Bb2 27.Rc2 Ba3 28.g4 Kg7
29.Rc4 Rc7 30.Kg2 h5 31.Kf1 hxg4 32.hxg4 Bf8 33.Ke2 Bd6 34.Rd4 Bc5 35.Rd8 Be7
36.Re8 Kf6 37.Kd2 Bb4+ 38.Kd1 Re7 39.Rd8 Re6 40.Ke2 Re7 41.Rd4 Ba3 42.Bxe4 Rc7
43.Rd5 Rc5 44.Rd7 Re5 45.Kf3 Re7 46.Rd5 Re5 47.Rd8 Bc5 48.Bc2 Ba3 49.Bb3 Kg7
50.Rd7 Re7 51.Rd5 f6 52.Rd8 Bb4 53.Bd5 Bc5 54.Ke2 Bb4 55.Kd3 Be1 56.f3 Bg3
57.Rg8+ Kh7 58.Rc8 Bf2 59.Be4+ Kg7 60.f4 Bg3 61.fxg5 Rd7+ 62.Ke2 fxg5 63.Bf5 Re7
64.Kd3 Bf2 65.e4 Bg3 66.Kd4 Kf7 67.Kd5 Bf4 68.Rh8 Kg7 69.Rh7+ Kf6 70.Rxe7 Kxe7
71.e5 Bg3 72.e6 Be1 73.Kc6 Ba5 74.Kb7 Kd6 75.Kxa7 Ke7 76.Ka6 Kd6 77.Kb7 Ke7
78.Kc6 Ke8 79.Bg6+ Ke7 80.Bf7 Kf6 81.Kd7 Bb4 82.a5  1-0

[Event "London Lloyds"]
[Site "London"]
[Date "1993.??.??"]
[Round "6"]
[White "Speelman, Jonathan S"]
[Black "Obukhov, Alexander"]
[Result "1-0"]
[WhiteElo "2605"]
[BlackElo "2490"]

1.d4 Nf6 2.Nf3 e6 3.g3 b5 4.Bg2 Bb7 5.O-O Be7 6.Bg5 O-O 7.Qd3 a6 8.Nbd2 d6
9.a4 b4 10.Bxf6 Bxf6 11.Ng5 Bxg5 12.Bxb7 Ra7 13.Bg2 Bxd2 14.Qxd2 a5 15.c3 Na6
16.Bc6 bxc3 17.bxc3 Nb8 18.Bf3 c6 19.Rfb1 Qc7 20.Rb2 Nd7 21.Rab1 h6 22.e3 Rb8
23.Rxb8+ Nxb8 24.Qb2 Nd7 25.c4 Kf8 26.Kg2 Kg8 27.h4 Kf8 28.Qc3 Ra8 29.c5 d5
30.e4 Rb8 31.Rxb8+ Nxb8 32.Qd3 Nd7 33.e5 Qb8 34.Qc3 Qc7 35.Bd1 Ke7 36.h5 Nf8
37.Bc2 Nd7 38.f4 Qd8 39.g4 Ke8 40.Kg3 Nf8 41.Qb2 Nd7 42.Bd3 Qb8 43.Qc3 Qd8
44.Kh3 Kf8 45.Qd2 f6 46.exf6 Qxf6 47.Bg6 Qd8 48.Qe1 Ke7 49.Qh4+ Nf6 50.g5 hxg5
51.fxg5 Nd7 52.Qf4 Qf8 53.Qd6+ Kd8 54.Qxf8+ Nxf8 55.Bc2 Ke7 56.Kg4 Kf7 57.Kf4 Nd7
58.Bg6+ Ke7 59.h6 Nf8 60.Bd3 g6 61.Ba6 Nh7 62.Bc8 Kf7 63.Bd7  1-0

[Event "London Lloyds"]
[Site "London"]
[Date "1993.??.??"]
[Round "8"]
[White "Speelman, Jonathan S"]
[Black "Budnikov, Alexandar"]
[Result "1/2-1/2"]
[WhiteElo "2605"]
[BlackElo "2535"]

1.Nf3 Nf6 2.c4 e6 3.Nc3 Bb4 4.e3 O-O 5.Be2 d5 6.O-O dxc4 7.Bxc4 c5 8.Qc2 Nbd7
9.a3 Ba5 10.b3 a6 11.Bb2 b5 12.Bd3 Bb7 13.Ne4 h6 14.a4 Bxe4 15.Bxe4 Rb8 16.axb5 axb5
17.Ne5 Nxe5 18.Bxe5 Bc7 19.Bxf6 Qxf6 20.d4 c4 21.bxc4 bxc4 22.Ra4 Rfc8 23.g3 c3
24.Ra3 Bd6 25.Rxc3 Qd8 26.Rc1 Rxc3 27.Qxc3 h5 28.Kg2 g6 29.Ra1 Qb6 30.Qd3 Kg7
31.Ra6 Qc7 32.Rc6 Qe7 33.Qa6 Rd8 34.Rb6 Rd7 35.h4 Bc7 36.Rb5 Bd6 37.Qa1 Ra7
38.Qb2 Ba3 39.Qb1 Bd6 40.Bf3 Qc7 41.Rb6 Qe7 42.Qb5 Qd7 43.Qb3 Be7 44.d5 exd5
45.Bxd5 Bf6 46.Rb4 Qc7 47.Rf4 Qd6 48.e4 Re7 49.Rf3 Ra7 50.Qb5 Re7 51.Qc4 Rc7
52.Qa2 Re7 53.Qc4 Rc7 54.Qa4 Re7 55.Qa2 Rc7 56.Qa8 Re7 57.Rb3 Qc5 58.Rf3 Qd6
59.Qc8 Ra7 60.Rb3 Qc7 61.Qe8 Qd7 62.Qb8 Qc7 63.Qb5 Qd6 64.Rd3 Qa6 65.Qb8 Re7
66.Rf3 Be5 67.Qb3 Bf6 68.Bxf7 Rxf7 69.e5 Qc6 70.Kh2 Qe4 71.exf6+ Rxf6 72.Rxf6 Kxf6
73.Qg8 Qb4 74.Qh8+ Kf7 75.Qh7+ Kf6 76.Qh6 Qc5 77.Kg1 Kf7 78.Qh7+ Kf6 79.Qb7 Qc1+
80.Kg2 Qc5 81.Qd7 Qe5 82.Kf3 Qc3+ 83.Ke2 Qc2+ 84.Ke3 Qc1+ 85.Qd2 Qa3+ 86.Qd3 Qc1+
87.Ke4 Qc6+ 88.Ke3 Qc1+ 89.Ke2 Qb2+ 90.Kf3 Qb4 91.Qe4 Qb3+ 92.Kg2 Kg7 93.Qe7+ Kg8
94.Qd7 Qc4 95.Kf3 Qc3+ 96.Ke2 Qb2+ 97.Ke3 Qc1+ 98.Qd2 Qa3+ 99.Qd3 Qc5+ 100.Qd4 Qc1+
101.Ke4 Qc2+ 102.Ke5 Qf5+ 103.Kd6 Qf8+ 104.Kd7 Qf7+ 105.Kc6 Qe6+ 106.Qd6 Qc4+
107.Qc5 Qe6+ 108.Kc7 Qf7+ 109.Kb6 Qb3+  1/2-1/2

[Event "London Lloyds"]
[Site "London"]
[Date "1993.??.??"]
[Round "9"]
[White "Tkachiev, Vladislav"]
[Black "Speelman, Jonathan S"]
[Result "0-1"]
[WhiteElo "2455"]
[BlackElo "2605"]

1.e4 c6 2.d4 d5 3.Nc3 dxe4 4.Nxe4 Nd7 5.Bc4 Ngf6 6.Nxf6+ Nxf6 7.c3 Qc7 8.Nf3 Bf5
9.O-O e6 10.Qe2 Bd6 11.Ne5 O-O-O 12.a4 Rhe8 13.a5 Nd5 14.h3 f6 15.Nd3 g5
16.Nc5 Bxc5 17.dxc5 a6 18.Rd1 Qg7 19.Bb3 h5 20.Bxd5 exd5 21.Qxh5 Qd7 22.c4 d4
23.Be3 d3 24.Rd2 Rh8 25.Qf3 Rh4 26.Rad1 Rdh8 27.Qg3 g4 28.Bf4 gxh3 29.Rxd3 Bxd3
30.Rxd3 Qe6 31.Qe3 Qxe3 32.fxe3 Rd8 33.Rd6 Rxd6 34.cxd6 hxg2 35.Kxg2 Rh5
36.Kf3 Rxa5 37.Ke4 Kd7 38.Kd4 c5+ 39.Kd5 b6 40.Bh6 Ra1 41.Bf4 Rd1+ 42.Ke4 Ke6  0-1

[Event "London Lloyds"]
[Site "London"]
[Date "1993.??.??"]
[Round "10"]
[White "Speelman, Jonathan S"]
[Black "Flear, Glenn C"]
[Result "1-0"]
[WhiteElo "2605"]
[BlackElo "2500"]

1.c4 e6 2.Nf3 d5 3.d4 Nf6 4.Bg5 Nbd7 5.e3 c6 6.Nbd2 Qa5 7.a3 dxc4 8.Bxc4 b5
9.Bd3 Qb6 10.O-O Bb7 11.Qe2 h6 12.Bxf6 gxf6 13.Rfc1 a6 14.Rc2 Be7 15.b4 a5
16.Rb1 axb4 17.axb4 Ra4 18.Rcb2 Qa7 19.g3 Ra3 20.Ne4 Nb6 21.Rc1 Na4 22.Rbc2 f5
23.Nc5 Nxc5 24.bxc5 Bf6 25.e4 fxe4 26.Bxe4 Ke7 27.Ne5 Bxe5 28.dxe5 Rd8 29.Rd2 Ra1
30.Bb1 Qa3 31.Rcd1 Rd5 32.Rxd5 exd5 33.e6 fxe6 34.Qe5 Bc8 35.Qd6+ Kf7 36.Qc7+ Kf6
37.Qxc8 Qa8 38.Qc7 Ra4 39.Re1  1-0

[Event "NLD-chT"]
[Site "?"]
[Date "1993.??.??"]
[Round "?"]
[White "Polgar, Zsuzsa"]
[Black "Speelman, Jonathan S"]
[Result "0-1"]
[WhiteElo "2560"]
[BlackElo "2595"]

1.d4 e6 2.c4 Bb4+ 3.Nc3 b6 4.e4 Bb7 5.d5 Qe7 6.Be2 Nf6 7.f3 exd5 8.cxd5 c6
9.dxc6 Nxc6 10.Nh3 d5 11.exd5 O-O-O 12.Bg5 Rhe8 13.Bxf6 gxf6 14.Nf4 Qe5 15.Qd2 Bxc3
16.bxc3 Nb4 17.Kf2 Nxd5 18.Nd3 Nxc3  0-1

[Event "Tilburg"]
[Site "Tilburg"]
[Date "1993.??.??"]
[Round "2"]
[White "Vaganian, Rafael A"]
[Black "Speelman, Jonathan S"]
[Result "1-0"]
[WhiteElo "2615"]
[BlackElo "2605"]

1.Nf3 g6 2.c4 Bg7 3.Nc3 d6 4.g3 e5 5.Bg2 Ne7 6.O-O O-O 7.d3 h6 8.Rb1 c6 9.b4 d5
10.cxd5 cxd5 11.e3 Be6 12.a4 Nd7 13.Ba3 Rc8 14.Rc1 Re8 15.Qd2 a6 16.b5 g5
17.h3 Ng6 18.Nh2 Nf6 19.Ng4 Nxg4 20.hxg4 Bf8 21.Qb2 d4 22.Ne4 Bxg4 23.Rxc8 Bxc8
24.Rc1 dxe3 25.fxe3 axb5 26.Bxf8 Rxf8 27.Qxb5 Kg7 28.a5 h5 29.Qb6 Be6 30.Qxd8 Rxd8
31.Nxg5 Bd5 32.Rc7 Bxg2 33.Ne6+  1-0

[Event "Tilburg"]
[Site "Tilburg"]
[Date "1993.??.??"]
[Round "2"]
[White "Speelman, Jonathan S"]
[Black "Vaganian, Rafael A"]
[Result "0-1"]
[WhiteElo "2605"]
[BlackElo "2615"]

1.d4 d5 2.c4 e6 3.Nc3 Be7 4.cxd5 exd5 5.Bf4 c6 6.e3 Bf5 7.Nge2 Nd7 8.h3 h5
9.Nc1 Nb6 10.Bd3 Bxd3 11.Nxd3 Bd6 12.O-O Bxf4 13.exf4 Nf6 14.Re1+ Kf8 15.a4 Nc4
16.Ne5 Nd6 17.b4 g6 18.b5 cxb5 19.axb5 Kg7 20.Ra4 Qb6 21.Qb3 Nf5 22.Nf3 Rhd8
23.Re5 Rac8 24.g3 a6 25.Kg2 axb5 26.Rb4 Qc6 27.Nxb5 Ne4 28.Ng5 Nxg5 29.fxg5 Qc1
30.h4 Rc2 31.Qd3 Ra8 32.Rxf5 gxf5 33.Qxf5 Ra1 34.Qe5+ Kh7 35.g6+ Kxg6  0-1

[Event "Altensteig"]
[Site "Altensteig"]
[Date "1994.??.??"]
[Round "3"]
[White "Speelman, Jonathan S"]
[Black "Almasi, Zoltan"]
[Result "1-0"]
[WhiteElo "2600"]
[BlackElo "2620"]

1.Nf3 Nf6 2.c4 e6 3.Nc3 Bb4 4.e3 O-O 5.Be2 b6 6.O-O Bb7 7.Qc2 Bxc3 8.Qxc3 d6
9.b3 Nbd7 10.Bb2 Rc8 11.Rad1 Qe7 12.Ne1 e5 13.f3 Rfe8 14.e4 Nf8 15.d4 Nh5
16.d5 Nf4 17.Rd2 Rcd8 18.Bd1 Bc8 19.Bc2 Qg5 20.Kh1 Nh5 21.g3 Bh3 22.Rg1 Ng6
23.Rf2 Bc8 24.f4 exf4 25.gxf4 Qh4 26.Qd4 f6 27.Nf3 Qh3 28.f5 Ne5 29.Bd1 Ng4
30.Nd2 Nxf2+ 31.Qxf2 Rxe4 32.Nxe4 Bxf5 33.Ng3  1-0

[Event "Altensteig"]
[Site "Altensteig"]
[Date "1994.??.??"]
[Round "4"]
[White "Gabriel, Christian"]
[Black "Speelman, Jonathan S"]
[Result "1/2-1/2"]
[WhiteElo "2545"]
[BlackElo "2600"]

1.d4 d6 2.Nf3 g6 3.c4 Bg7 4.Nc3 Bg4 5.e3 Nf6 6.Be2 c6 7.O-O O-O 8.e4 e5 9.d5 cxd5
10.cxd5 Nh5 11.Nd2 Bxe2 12.Qxe2 Nf4 13.Qd1 Nd7 14.Nb3 f5 15.g3 Nh3+ 16.Kg2 Ng5
17.Bxg5 Qxg5 18.Nb5 Qe7 19.Nc7 Rac8 20.Ne6 Rfe8 21.f3 Nf8 22.Nxg7  1/2-1/2

[Event "Altensteig"]
[Site "Altensteig"]
[Date "1994.??.??"]
[Round "5"]
[White "Speelman, Jonathan S"]
[Black "Bischoff, Klaus"]
[Result "1/2-1/2"]
[WhiteElo "2600"]
[BlackElo "2525"]

1.Nf3 e6 2.c4 b6 3.Nc3 Bb7 4.e4 Bb4 5.d3 Ne7 6.Be2 O-O 7.O-O Ng6 8.Ne1 f5
9.exf5 Rxf5 10.Ne4 Be7 11.Nc2 c5 12.f4 Nc6 13.Bg4 Rf8 14.Be3 Nh4 15.Qd2 Nf5
16.Bf2 Qc7 17.Bh3 Rad8  1/2-1/2